000 01021nam a2200265 a 4500
001 78558
003 BD-RjUL
005 20211209083137.0
008 211005s2009 eng||||| m||| 00| 0 eng d
035 _a(BD-RjUL)78784
040 _aBD-RjUL
_beng
_cBD-RjUL
_dBD-RjUL
041 _aeng
082 _223
_a155.40954924
_bCHS 2009
100 1 _aChowdhury, Eva Tania
_9248881
245 1 2 _aA Study on depression in Bangladeshi children as a function of gender, family structure and age /
_cSubmitted by Eva Tania Chowdhury ;
_6Supervisor : Nazma Afroz
260 _aRajshahi :
_bDepartment of Psychology, University of Rajshahi,
_c2009
300 _a[1], viii, 155 leaves ;
_c29cm.
502 _aThesis (Ph. D.)--Department of Psychology, University of Rajshahi, 2009
504 _aReferences : leaves 130-154
600 _c
_9249009
650 _aDepression in children
_zBangladesh
_zRajshahi city
_9249000
650 _adepressive disorder
_932444
700 _aAfroz, Nazma, Supervisor
_9234173
942 _2ddc
_cTHE
999 _c78558
_d78558